[Event "COL Students-ch (Women)"]
[White "Bolanos Calvache, Brigeth Vanessa"]
[Black "Jaraba Andrade, Aura Vanessa"]
[Site "Santa Fe"]
[Round "3"]
[Result "1/2-1/2"]
[Date "2023.09.24"]
[WhiteElo "1651"]
[BlackElo "1706"]
[PlyCount "98"]
[EventDate "2023.09.23"]
[EventType "swiss"]
[EventRounds "6"]
[EventCountry "COL"]
[SourceTitle "CBM 216 Extra"]
[Source "ChessBase"]
[SourceDate "2023.11.30"]
[SourceVersion "1"]
[SourceVersionDate "2023.11.30"]
[SourceQuality "1"]

1. e4 e5 2. Nf3 Nf6 3. Nc3 Bb4 4. Nxe5 0-0 5. Bc4 Bxc3 6. dxc3 Qe7 7. Nf3 Qxe4+ 8. Be2 Re8 9. Qd3 Qxd3 10. cxd3 b6 11. Bf4 Na6 12. Kd2 Bb7 13. h3 d6 14. b4 Re7 15. Rhe1 Rae8 16. Bf1 Bxf3 17. Rxe7 Rxe7 18. gxf3 Nd5 19. Bh2 g5 20. d4 Nb8 21. Bc4 Nf6 22. Rg1 h6 23. h4 g4 24. Bd3 h5 25. fxg4 hxg4 26. f3 g3 27. Rxg3+ Kh8 28. h5 Nbd7 29. h6 Ng8 30. Rg7 f6 31. Rxe7 Nxe7 32. c4 Ng8 33. Bf5 Nf8 34. Bf4 Nh7 35. c5 bxc5 36. dxc5 Ng5 37. Bxg5 fxg5 38. h7 Ne7 39. cxd6 cxd6 40. Bb1 Nc6 41. a3 Ne5 42. Be4 d5 43. Bxd5 Kxh7 44. a4 Kg6 45. b5 Kf6 46. a5 Nd7 47. b6 Nxb6 48. axb6 axb6 49. Ke3 Ke5 1/2-1/2

[Event "COL-chT (Women)"]
[White "Jaraba Andrade, Aura Vanessa"]
[Black "Rodriguez Lara, Laura Sofia"]
[Site "Bucaramanga"]
[Round "3.1"]
[Result "1-0"]
[Date "2022.09.08"]
[WhiteElo "1731"]
[BlackElo "1140"]
[PlyCount "43"]
[EventDate "2022.09.06"]
[EventType "team-swiss"]
[EventRounds "6"]
[EventCountry "COL"]
[SourceTitle "CBM 210 Extra"]
[Source "ChessBase"]
[SourceDate "2022.11.30"]
[SourceVersion "1"]
[SourceVersionDate "2022.11.30"]
[SourceQuality "1"]
[WhiteTeam "Guajira (W)"]
[BlackTeam "Cundinamarca (W) II"]
[WhiteTeamCountry "COL"]
[BlackTeamCountry "COL"]

1. d4 Nf6 2. Bf4 d5 3. Nf3 g6 4. e3 Bg7 5. Be2 Nbd7 6. Nbd2 e6 7. 0-0 Nh5 8. Re1 Nxf4 9. exf4 0-0 10. c3 c5 11. dxc5 Nxc5 12. Nb3 Nxb3 13. Qxb3 Qf6 14. g3 b6 15. Ne5 Qe7 16. a4 Qd6 17. Bf3 a6 18. c4 Bxe5 19. fxe5 Qc7 20. cxd5 exd5 21. Rac1 Qd8 22. Qxd5 1-0

[Event "COL-chT (Women)"]
[White "Ortegon Villacorte, Linda Daniela"]
[Black "Jaraba Andrade, Aura Vanessa"]
[Site "Bucaramanga"]
[Round "4.1"]
[Result "1-0"]
[Date "2022.09.08"]
[WhiteElo "1834"]
[BlackElo "1731"]
[PlyCount "58"]
[EventDate "2022.09.06"]
[EventType "team-swiss"]
[EventRounds "6"]
[EventCountry "COL"]
[SourceTitle "CBM 210 Extra"]
[Source "ChessBase"]
[SourceDate "2022.11.30"]
[SourceVersion "1"]
[SourceVersionDate "2022.11.30"]
[SourceQuality "1"]
[WhiteTeam "Cundinamarca (W)"]
[BlackTeam "Guajira (W)"]
[WhiteTeamCountry "COL"]
[BlackTeamCountry "COL"]

1. e4 e5 2. Nf3 Nf6 3. Nc3 Bb4 4. d3 0-0 5. Be2 d6 6. 0-0 Re8 7. Bg5 c6 8. Nd2 h6 9. Bh4 Nbd7 10. Ncb1 Nf8 11. c3 Bc5 12. b4 Bb6 13. Bg3 Ng6 14. Na3 Bc7 15. Nc2 d5 16. Bf3 a5 17. exd5 cxd5 18. b5 Be6 19. Re1 Rc8 20. Be2 e4 21. dxe4 Bxg3 22. hxg3 Nxe4 23. Nxe4 dxe4 24. Nd4 Rxc3 25. Nxe6 Qxd1 26. Rexd1 Rxe6 27. Rd8+ Kh7 28. Bg4 Re7 29. Ra8 Ra3 1-0

[Event "COL Intercollegiate-ch U18 Girls"]
[White "Leal, Dayana Vanessa"]
[Black "Jaraba Andrade, Aura Vanessa"]
[Site "Paipa"]
[Round "7"]
[Result "1-0"]
[Date "2019.12.16"]
[WhiteElo "1491"]
[BlackElo "1707"]
[PlyCount "97"]
[EventDate "2019.12.06"]
[EventType "swiss"]
[EventRounds "7"]
[EventCountry "COL"]
[SourceTitle "CBM 193 Extra"]
[Source "ChessBase"]
[SourceDate "2020.01.31"]
[SourceVersion "1"]
[SourceVersionDate "2020.01.31"]
[SourceQuality "1"]

1. e4 e5 2. Nf3 Nf6 3. d4 Nxe4 4. Bd3 d5 5. Nxe5 Bd6 6. 0-0 0-0 7. c4 c6 8. Nc3 Nxc3 9. bxc3 dxc4 10. Nxc4 Be6 11. Nxd6 Qxd6 12. Qh5 g6 13. Qh4 f5 14. Re1 Bf7 15. Bg5 Nd7 16. Be7 Qc7 17. Bxf8 Nxf8 18. Re7 Qa5 19. Qf6 Qd5 20. c4 Nd7 21. cxd5 Nxf6 22. Rxb7 Bxd5 23. Rc7 Ne8 24. Re7 Nf6 25. Rc1 Kf8 26. Rc7 a5 27. Bc4 Rb8 28. Bxd5 Nxd5 29. R7xc6 Ne7 30. Ra6 Rb5 31. g3 Rd5 32. Rc4 f4 33. Rf6+ Kg7 34. Rxf4 Nf5 35. Rc5 Rd7 36. d5 Kf6 37. Rxa5 Ke5 38. a4 Rd6 39. Rb5 Nd4 40. Rb2 Rxd5 41. Rf7 h5 42. Ra7 g5 43. Kg2 g4 44. h3 Rc5 45. hxg4 hxg4 46. Rg7 Rc4 47. Rxg4 Rxa4 48. Rb5+ Kf6 49. Rd5 1-0

[Event "COL Intercollegiate-ch rapid U18 Girls"]
[White "Sabogal Varela, Erika Tatiana"]
[Black "Jaraba Andrade, Aura Vanessa"]
[Site "Paipa"]
[Round "6"]
[Result "0-1"]
[Date "2019.12.14"]
[WhiteElo "1140"]
[BlackElo "1592"]
[PlyCount "104"]
[EventDate "2019.12.14"]
[EventType "swiss (rapid)"]
[EventRounds "6"]
[EventCountry "COL"]
[SourceTitle "CBM 193 Extra"]
[Source "ChessBase"]
[SourceDate "2020.01.31"]
[SourceVersion "1"]
[SourceVersionDate "2020.01.31"]
[SourceQuality "1"]

1. e4 e5 2. Nf3 Nf6 3. Bc4 d6 4. Nc3 Be7 5. d3 0-0 6. Be3 c6 7. d4 exd4 8. Bxd4 Bg4 9. Be3 Nbd7 10. h3 Be6 11. Bb3 a5 12. Bf4 Nc5 13. Bxe6 Nxe6 14. Bg3 Re8 15. e5 dxe5 16. Bxe5 Nc5 17. 0-0 Qd7 18. Qxd7 Ncxd7 19. Bd4 b5 20. a3 c5 21. Bxf6 Bxf6 22. Rfd1 Bxc3 23. bxc3 Nf6 24. Rab1 Rab8 25. Nd2 b4 26. cxb4 cxb4 27. axb4 axb4 28. Nf3 Re4 29. Rd4 Kf8 30. c3 Rxd4 31. Nxd4 Nd5 32. cxb4 Rxb4 33. Rxb4 Nxb4 34. g4 g5 35. Kg2 Ke7 36. Nf5+ Ke6 37. h4 f6 38. hxg5 fxg5 39. Kg3 Nd3 40. Nd4+ Kf6 41. Nf5 h5 42. Ne3 h4+ 43. Kg2 Nf4+ 44. Kh2 Ne6 45. Ng2 Ke5 46. f3 Nf4 47. Ne1 Kd4 48. Ng2 Nxg2 49. Kxg2 Ke3 50. Kh2 Kxf3 51. Kh3 Kf4 52. Kh2 Kxg4 0-1

[Event "COL Intercollegiate-ch U18 Girls"]
[White "Jaraba Andrade, Aura Vanessa"]
[Black "Hoyos Garces, Rosana"]
[Site "Paipa"]
[Round "6"]
[Result "1-0"]
[Date "2019.12.08"]
[WhiteElo "1707"]
[BlackElo "1812"]
[PlyCount "97"]
[EventDate "2019.12.06"]
[EventType "swiss"]
[EventRounds "7"]
[EventCountry "COL"]
[SourceTitle "CBM 193 Extra"]
[Source "ChessBase"]
[SourceDate "2020.01.31"]
[SourceVersion "1"]
[SourceVersionDate "2020.01.31"]
[SourceQuality "1"]

1. d4 d5 2. Nf3 e6 3. Bf4 Bd6 4. Bg3 Nf6 5. e3 c5 6. c3 Nc6 7. Bd3 0-0 8. Ne5 Qc7 9. Nxc6 Qxc6 10. Nd2 b6 11. Rc1 Bb7 12. Bb1 Rae8 13. Qc2 g6 14. Bxd6 Qxd6 15. h4 e5 16. dxe5 Qxe5 17. Nf3 Qh5 18. Qe2 Re7 19. Ng5 Qxe2+ 20. Kxe2 d4 21. cxd4 cxd4 22. f3 dxe3 23. Rhd1 Nh5 24. Rd4 Ng7 25. Be4 Bxe4 26. fxe4 Ne6 27. Nxe6 Rxe6 28. Rc3 Rfe8 29. Rxe3 R6e7 30. Kd3 a6 31. a4 b5 32. axb5 axb5 33. Rd5 Kg7 34. Rxb5 f5 35. e5 Kh6 36. g3 Kh5 37. Rd5 h6 38. b4 g5 39. hxg5 Kxg5 40. b5 h5 41. b6 h4 42. gxh4+ Kxh4 43. Rb5 Kg4 44. Re1 Kf3 45. b7 Rd7+ 46. Kc4 Rdd8 47. e6 Kf2 48. Rbb1 f4 49. Kc5 1-0

[Event "Cartagena zt 2.3 (Women)"]
[White "Ocampo Betancur, Cristina Angela"]
[Black "Jaraba Andrade, Aura Vanessa"]
[Site "Cartagena"]
[Round "6"]
[Result "1-0"]
[Date "2019.07.17"]
[WhiteElo "1979"]
[BlackElo "1639"]
[PlyCount "135"]
[EventDate "2019.07.14"]
[EventType "swiss"]
[EventRounds "9"]
[EventCountry "COL"]
[SourceTitle "CBM 191 Extra"]
[Source "ChessBase"]
[SourceDate "2019.09.30"]
[SourceVersion "1"]
[SourceVersionDate "2019.09.30"]
[SourceQuality "1"]

1. e4 e5 2. Nf3 Nf6 3. Nxe5 d6 4. Nf3 Nxe4 5. d4 d5 6. Bd3 Be7 7. 0-0 0-0 8. c4 c6 9. Nc3 Nxc3 10. bxc3 Be6 11. c5 Nd7 12. Bf4 b6 13. cxb6 axb6 14. Qc2 Nf6 15. h3 c5 16. dxc5 Bxc5 17. Ng5 h6 18. Nxe6 fxe6 19. Bc1 Qc7 20. Qe2 e5 21. Kh1 e4 22. Bb5 Qe5 23. Bd2 Bd6 24. f4 exf3 25. Qxe5 fxg2+ 26. Kxg2 Bxe5 27. Rf5 Ra5 28. a4 Ne4 29. Rxf8+ Kxf8 30. Rf1+ Ke7 31. Be3 Bc7 32. Bd4 Nf6 33. Re1+ Kf7 34. c4 dxc4 35. Bxc4+ Kf8 36. Bb5 Ra8 37. Re6 Nd5 38. Rc6 Rd8 39. Bb2 Rd6 40. Ba3 Ke7 41. Bxd6+ Bxd6 42. Kf3 Bc5 43. a5 Nb4 44. Rc7+ Kd6 45. axb6 Bxb6 46. Rxg7 Kc5 47. Be8 Bd8 48. Kg4 Bg5 49. h4 Bd2 50. Rc7+ Kd4 51. Rd7+ Ke3 52. Re7+ Kf2 53. Bb5 Be3 54. Rf7+ Ke1 55. Kf3 Bc1 56. Rd7 Na2 57. Re7+ Kd1 58. Ba4+ Kd2 59. Re2+ Kd3 60. Rxa2 Kd4 61. Re2 Kd5 62. Kg4 Kd6 63. Kf5 Kd5 64. Rc2 Be3 65. Bb3+ Kd6 66. Re2 Bc1 67. Re1 Bb2 68. Re6+ 1-0

[Event "COL-ch Superate Intercol U18 Girls"]
[White "Jaraba Andrade, Aura Vanessa"]
[Black "Caicedo Anguila, Juliana Andrea"]
[Site "Barranquilla"]
[Round "11.2"]
[Result "1-0"]
[Date "2018.11.28"]
[WhiteElo "1553"]
[BlackElo "1430"]
[PlyCount "82"]
[EventDate "2018.11.28"]
[EventType "swiss (blitz)"]
[EventRounds "12"]
[EventCountry "COL"]
[SourceTitle "EXT 2024"]
[Source "ChessBase"]
[SourceDate "2023.10.10"]
[SourceVersion "1"]
[SourceVersionDate "2023.10.10"]
[SourceQuality "1"]

1. d4 Nf6 2. Nf3 g6 3. Bf4 Bg7 4. e3 0-0 5. Be2 d6 6. h3 Nbd7 7. 0-0 b6 8. c3 Bb7 9. Nbd2 Qe8 10. Bh2 e5 11. Ne1 Ne4 12. f3 Nxd2 13. Qxd2 exd4 14. cxd4 d5 15. Rc1 Rc8 16. Rxc7 Rxc7 17. Bxc7 Qc8 18. Bf4 Re8 19. Nd3 Qa8 20. Rc1 Rc8 21. Kf2 a6 22. Nb4 a5 23. Bb5 Nf6 24. Nd3 Nh5 25. Bc7 Ba6 26. Bd7 Rf8 27. Bg4 Qa7 28. Bxh5 gxh5 29. Nf4 Rc8 30. Nxd5 Kh8 31. Be5 Rxc1 32. Qxc1 Qd7 33. Bxg7+ Kxg7 34. Nf4 Qb5 35. d5 Qd7 36. Qc3+ Kf8 37. Nxh5 Qb5 38. Nf4 Qd7 39. Qc6 Bb5 40. Qh6+ Ke8 41. Qxh7 Qd8 1-0

[Event "COL-ch Superate Intercol U18 Girls"]
[White "Jaraba Andrade, Aura Vanessa"]
[Black "Perez Valcarcel, Maria Jose"]
[Site "Barranquilla"]
[Round "9.3"]
[Result "0-1"]
[Date "2018.11.28"]
[WhiteElo "1553"]
[BlackElo "1477"]
[PlyCount "23"]
[EventDate "2018.11.28"]
[EventType "swiss (blitz)"]
[EventRounds "12"]
[EventCountry "COL"]
[SourceTitle "EXT 2024"]
[Source "ChessBase"]
[SourceDate "2023.10.10"]
[SourceVersion "1"]
[SourceVersionDate "2023.10.10"]
[SourceQuality "1"]

1. Nf3 g6 2. d4 Bg7 3. Bf4 Nf6 4. e3 0-0 5. Be2 d6 6. h3 Nbd7 7. 0-0 c5 8. c3 b6 9. Nbd2 Bb7 10. Rc1 Nh5 11. Bh2 Re8 12. Ne1 0-1

[Event "COL-ch Superate Intercol U18 Girls"]
[White "Jaraba Andrade, Aura Vanessa"]
[Black "Rativa Jimenez, Laura Milena"]
[Site "Barranquilla"]
[Round "5.1"]
[Result "1-0"]
[Date "2018.11.28"]
[WhiteElo "1553"]
[BlackElo "1469"]
[PlyCount "137"]
[EventDate "2018.11.28"]
[EventType "swiss (blitz)"]
[EventRounds "12"]
[EventCountry "COL"]
[SourceTitle "EXT 2024"]
[Source "ChessBase"]
[SourceDate "2023.10.10"]
[SourceVersion "1"]
[SourceVersionDate "2023.10.10"]
[SourceQuality "1"]

1. d4 d5 2. Nf3 Nf6 3. Bf4 e6 4. e3 c5 5. c3 cxd4 6. cxd4 Nc6 7. Bd3 Be7 8. 0-0 0-0 9. h3 h6 10. Nc3 a6 11. Rc1 Bd6 12. Ne5 Bd7 13. Bb1 Rc8 14. Qf3 Ne7 15. Qg3 Nh5 16. Qf3 Nxf4 17. exf4 Nf5 18. Bxf5 exf5 19. Rfe1 Bc6 20. Qd3 Qf6 21. Rc2 Bb4 22. Rec1 Bxc3 23. Rxc3 Bb5 24. Qf3 Rxc3 25. Rxc3 Qd6 26. Qd1 Rd8 27. Qc1 Be8 28. Rc7 Qb6 29. a3 f6 30. Nf3 Bc6 31. Re7 Kf8 32. Re1 Qc7 33. b4 Qd7 34. Nd2 Bb5 35. Nb3 b6 36. Qe3 Re8 37. Qd2 Rd8 38. Nc1 Qd6 39. Nd3 Bxd3 40. Qxd3 b5 41. Qe2 Rc8 42. Qe6 Qxe6 43. Rxe6 Rc1+ 44. Kh2 Rc2 45. Rxa6 Rxf2 46. Rb6 Ra2 47. Rxb5 Rxa3 48. Rxd5 Rb3 49. b5 g6 50. Rc5 Rb4 51. d5 Ke7 52. Kg3 Rb3+ 53. Kf2 Rb2+ 54. Ke3 Kd6 55. Rc6+ Kxd5 56. Rxf6 Rxb5 57. Rxg6 Rb3+ 58. Kf2 Rb2+ 59. Kg3 Rb3+ 60. Kh4 Rb2 61. g3 Rb3 62. Rxh6 Ke4 63. Rg6 Rb7 64. Kg5 Rf7 65. h4 Kf3 66. Kh6 Ke4 67. Rg7 Rf6+ 68. Kh7 Kd5 69. h5 1-0

[Event "COL-ch U18 Girls rap"]
[White "Jaraba Andrade, Aura Vanessa"]
[Black "Leal, Dayana Vanessa"]
[Site "Barranquilla"]
[Round "5"]
[Result "1-0"]
[Date "2018.11.27"]
[WhiteElo "1585"]
[BlackElo "1427"]
[PlyCount "99"]
[EventDate "2018.11.27"]
[EventType "swiss (rapid)"]
[EventRounds "6"]
[EventCountry "COL"]
[SourceTitle "CBM 187 Extra"]
[Source "ChessBase"]
[SourceDate "2018.11.04"]
[SourceVersion "1"]
[SourceVersionDate "2018.11.04"]
[SourceQuality "1"]

1. d4 Nf6 2. Nf3 g6 3. Bf4 d6 4. h3 Bg7 5. e3 0-0 6. Be2 Nbd7 7. 0-0 Re8 8. Bh2 c5 9. c3 cxd4 10. cxd4 Ne4 11. Nbd2 Nxd2 12. Qxd2 e5 13. Qc2 e4 14. Nd2 d5 15. Rac1 Nb6 16. Nb3 Qg5 17. Bf4 Qh4 18. Bg3 Qg5 19. Bb5 Bd7 20. Bxd7 Nxd7 21. Qc7 Nb6 22. Qf4 Qxf4 23. Bxf4 Rac8 24. Nc5 Nc4 25. b3 b6 26. Nb7 Na5 27. Nxa5 bxa5 28. Rfd1 Bf8 29. Kf1 Bb4 30. Ke2 Kg7 31. f3 f5 32. Be5+ Kf7 33. fxe4 dxe4 34. Bf4 Ke6 35. Rc4 Rxc4 36. bxc4 Rc8 37. Rc1 Ba3 38. Rc2 Bd6 39. d5+ Kd7 40. Bxd6 Kxd6 41. g3 Kc5 42. a3 Rb8 43. Kd2 Rb3 44. Rc3 Rb2+ 45. Kc1 Rg2 46. Rc2 Rxg3 47. Rd2 Rxe3 48. d6 Rd3 49. Rxd3 exd3 50. d7 1-0

[Event "COL-ch U16 Girls"]
[White "Pinillo Canon, Silvana"]
[Black "Jaraba Andrade, Aura Vanessa"]
[Site "Cartagena"]
[Round "5"]
[Result "1-0"]
[Date "2018.05.17"]
[WhiteElo "1661"]
[BlackElo "1502"]
[PlyCount "57"]
[EventDate "2018.05.15"]
[EventType "tourn"]
[EventRounds "9"]
[EventCountry "COL"]
[SourceTitle "CBM 184 Extra"]
[Source "ChessBase"]
[SourceDate "2018.06.28"]
[SourceVersion "1"]
[SourceVersionDate "2018.06.28"]
[SourceQuality "1"]

1. e4 e5 2. Nf3 Nf6 3. Nxe5 d6 4. Nc4 Nxe4 5. Nc3 Nf6 6. d4 d5 7. Ne5 Bd6 8. Bd3 0-0 9. 0-0 Nbd7 10. Re1 Re8 11. Bf4 Nb6 12. Nb5 Be6 13. Bg3 Bxe5 14. Bxe5 Re7 15. Bxf6 gxf6 16. Qh5 f5 17. Qg5+ Kf8 18. Bxf5 Bxf5 19. Qxf5 h6 20. Qf4 Kg7 21. c3 Nc4 22. Rxe7 Qxe7 23. Nxc7 Rd8 24. b3 Nb6 25. a4 a6 26. a5 Nc8 27. Nxd5 Rxd5 28. Qg4+ Rg5 29. Qxc8 1-0

[Event "COL-ch U16 sf1"]
[White "Jaraba Andrade, Aura Vanessa"]
[Black "Hoyos Garces, Rosana"]
[Site "Riohacha"]
[Round "5.4"]
[Result "1-0"]
[Date "2018.03.09"]
[WhiteElo "1447"]
[BlackElo "1601"]
[PlyCount "51"]
[EventDate "2018.03.07"]
[EventType "swiss"]
[EventRounds "6"]
[EventCountry "COL"]
[SourceTitle "EXT 2024"]
[Source "ChessBase"]
[SourceDate "2023.10.10"]
[SourceVersion "1"]
[SourceVersionDate "2023.10.10"]
[SourceQuality "1"]

1. d4 Nf6 2. Bf4 e6 3. Nf3 c5 4. e3 Qb6 5. b3 d5 6. Nbd2 cxd4 7. Nxd4 Bb4 8. Bb5+ Bd7 9. Bxd7+ Nbxd7 10. N4f3 Ne4 11. 0-0 Nc3 12. Qe1 Ne4 13. Qe2 Bc3 14. Rac1 Bb2 15. Nxe4 dxe4 16. Nd2 Bxc1 17. Nc4 Qc6 18. Rxc1 0-0 19. Rd1 Nf6 20. Rd6 Qc5 21. Be5 b5 22. Bxf6 gxf6 23. Qg4+ Kh8 24. Qf4 Rg8 25. Qxf6+ Rg7 26. Ne5 1-0

[Event "COL-ch U16 sf1"]
[White "Valera Padilla, Federico Jose"]
[Black "Jaraba Andrade, Aura Vanessa"]
[Site "Riohacha"]
[Round "4.1"]
[Result "1-0"]
[Date "2018.03.09"]
[WhiteElo "1608"]
[BlackElo "1447"]
[PlyCount "37"]
[EventDate "2018.03.07"]
[EventType "swiss"]
[EventRounds "6"]
[EventCountry "COL"]
[SourceTitle "EXT 2024"]
[Source "ChessBase"]
[SourceDate "2023.10.10"]
[SourceVersion "1"]
[SourceVersionDate "2023.10.10"]
[SourceQuality "1"]

1. e4 e5 2. Nf3 Nf6 3. Bc4 Bc5 4. 0-0 0-0 5. d3 d6 6. c3 Nbd7 7. Qe2 Re8 8. Be3 Bb6 9. Nbd2 Nf8 10. h3 Ng6 11. d4 d5 12. dxe5 Nxe4 13. Nxe4 dxe4 14. Ng5 Nxe5 15. Qh5 Nxc4 16. Qxf7+ Kh8 17. Qh5 Kg8 18. Qxh7+ Kf8 19. Qh8+ 1-0

[Event "COL-ch U16 sf1"]
[White "Jaraba Andrade, Aura Vanessa"]
[Black "Cardenas Herrera, Angela"]
[Site "Riohacha"]
[Round "3.4"]
[Result "1-0"]
[Date "2018.03.08"]
[WhiteElo "1447"]
[BlackElo "1336"]
[PlyCount "59"]
[EventDate "2018.03.07"]
[EventType "swiss"]
[EventRounds "6"]
[EventCountry "COL"]
[SourceTitle "EXT 2024"]
[Source "ChessBase"]
[SourceDate "2023.10.10"]
[SourceVersion "1"]
[SourceVersionDate "2023.10.10"]
[SourceQuality "1"]

1. d4 d5 2. Bf4 Nf6 3. Nf3 e6 4. e3 b6 5. Bd3 Nc6 6. h3 Bb7 7. 0-0 Bd6 8. Ne5 Qe7 9. Nd2 0-0-0 10. c4 Bxe5 11. dxe5 Nd7 12. Nf3 dxc4 13. Bxc4 Ndxe5 14. Qe2 Nxf3+ 15. Qxf3 Na5 16. Qe2 Qb4 17. Rac1 Rd2 18. Bxe6+ fxe6 19. Rxc7+ Kd8 20. Rd1 Rxd1+ 21. Qxd1+ Bd5 22. a3 Qe4 23. f3 Qf5 24. Qd4 Qb1+ 25. Kh2 Rg8 26. e4 Qa2 27. exd5 Qxd5 28. Qc3 Qa8 29. Bg5+ Ke8 30. Rc8+ 1-0